| 000 | 00383nam a22001217a 4500 | ||
|---|---|---|---|
| 999 |
_c115596 _d115596 |
||
| 005 | 20190928161912.0 | ||
| 008 | 190928b ||||| |||| 00| 0 eng d | ||
| 082 |
_232nd _a370.078 AIU |
||
| 245 | _aUniversities han book 2010 member universities vol.1 A-K | ||
| 260 |
_aNew Delhi _bassociation of india universities |
||
| 650 |
_z Education _zUniversity Handbook |
||
| 942 |
_2ddc _cREP |
||